000 00874nas a2200265 4500
001 BR9205720
003 BR-BrBNA
005 20231205100425.0
007 ta
008 230509b bl.|||p| |||| 00| 00por d
040 _aBR-BrBNA
_bpor
_cBiblioteca Nacional de Agricultura
041 _a(Pt)
072 _aL02; Q54
100 1 _aMabe, I.
100 1 _aFavoretto, V.
100 1 _aRodrigues, L.R. de A.
245 1 _aVariacao na disponibilidade de forragem e na composicao botanica e bromatologica de pastagem exclusivas e consorciadas de capim-coloniao
650 _aCapim Coloniao
650 _aValor Nutritivo
650 _aPastagem Consorciada
650 _aMateria Seca
773 0 _tBoletim de Industria Animal (Brazil)
_xISSN 0067-9615
_g(Jul-Dec 1988), v. 45(2) p. 371-380
_wBR9205720
909 _a202311
_bLúcia
_c55
_dLúcia Elande
942 _2AGRIS
_n0
_cANA
999 _c155941
_d155941